[Event "Euskadi ch"]
[Site "Zornotza"]
[Date "2012.04.09"]
[Round "1"]
[White "Arias Garcia, Luis Javier"]
[Black "Gomez Esteban, Juan Mario"]
[Result "0-1"]
[WhiteElo "2168"]
[BlackElo "2471"]

1.c4 e5 2.Nc3 Nf6 3.g3 d5 4.cxd5 Nxd5 5.Bg2 Nb6 6.Nf3 Nc6 7.O-O Be7 8.d3 
O-O 9.a3 Be6 10.b4 f6 11.Bb2 Qe8 12.Nd2 Qf7 13.Rc1 Rac8 14.Na4 Bd5 15.Bh3 
f5 16.Nxb6 axb6 17.e4 Be6 18.b5 Na5 19.Bxf5 Bxf5 20.exf5 Qd5 21.Qe2 Qxb5 
22.Bxe5 Nc6 23.Ba1 Rce8 24.Qg4 Bf6 25.Bxf6 Rxf6 26.Rfe1 Ref8 27.Ne4 Rxf5 
28.f4 h6 29.Rcd1 Qd5 30.Qg6 Ne7 31.Qg4 Qd4+ 32.Kh1 Nd5 33.Qg6 b5 34.Qe6+ 
Kh8 35.Qd7 Qb2 36.Nc5 Nc3 37.Qe7 Nxd1 38.Ne6 Nf2+ 39.Kg1 Ng4 40.Re2 Qd4+ 
41.Kg2 Rg8 42.h3 Nf6 43.Nf8 Qxd3 44.Ng6+ Kh7 45.Nf8+ Rxf8 46.Qxf8 Qd5+ 47.
Kg1 Nh5 0-1

[Event "Euskadi ch"]
[Site "Zornotza"]
[Date "2012.04.09"]
[Round "1"]
[White "Franco Alonso, Alejandro"]
[Black "Ladron De Guevara Galar, Fco Ja"]
[Result "1-0"]
[WhiteElo "2449"]
[BlackElo "2139"]

1.c4 e6 2.Nf3 Nf6 3.g3 d5 4.Bg2 Nbd7 5.d4 Bb4+ 6.Bd2 Be7 7.Qc2 O-O 8.O-O 
c6 9.Bf4 Ne4 10.Nfd2 Nxd2 11.Nxd2 f5 12.Nf3 Qe8 13.e3 Qh5 14.Qd1 h6 15.Ne5
Qxd1 16.Rfxd1 Nxe5 17.Bxe5 Bf6 18.Bd6 Rd8 19.c5 Kf7 20.b4 Be7 21.Bc7 Rd7 
22.Be5 Bf6 23.f4 Bxe5 24.fxe5 Rd8 25.Bf1 Bd7 26.Rab1 a6 27.h3 Ke7 28.Bd3 
g5 29.g4 Rf8 30.Rf1 fxg4 31.hxg4 Rxf1+ 32.Kxf1 Rf8+ 33.Kg2 Kf7 34.a4 Kg7 
35.b5 axb5 36.axb5 cxb5 37.Bxb5 Bxb5 38.Rxb5 Rf7 39.Rb6 Re7 40.e4 dxe4 41.
Kf2 Rf7+ 42.Ke3 h5 43.gxh5 Kh6 44.Rxe6+ Kxh5 45.Re8 Rg7 46.Rh8+ Kg4 47.
Kxe4 Kg3 48.e6 g4 49.d5 Kf2 1-0

[Event "Euskadi ch"]
[Site "Zornotza"]
[Date "2012.04.09"]
[Round "1"]
[White "Huerga Leache, Mikel"]
[Black "Diaz Herrero, Alvaro"]
[Result "1/2-1/2"]
[WhiteElo "2436"]
[BlackElo "2132"]

1.e4 d6 2.Nc3 c5 3.Nf3 Nf6 4.d4 cxd4 5.Nxd4 g6 6.Be3 Nc6 7.f3 Rb8 8.Bc4 b5
9.Bb3 Na5 10.Qd2 Bg7 11.Bh6 O-O 12.O-O-O Bxh6 13.Qxh6 e5 14.Nde2 Bd7 15.h4
b4 16.Nd5 Nxb3+ 17.axb3 Nxd5 18.Rxd5 Rb6 19.h5 g5 20.Rxd6 f6 21.Rhd1 Rxd6 
22.Rxd6 Qe7 23.Rd2 a5 24.Ng3 Be6 25.Kb1 a4 26.bxa4 Qa7 27.b3 Qg1+ 28.Kb2 
Qe1 29.Rd3 Qxg3 30.Rd8 Rxd8 31.Qxf6 Rd7 32.Qxe6+ Rf7 33.Qe8+ Rf8 34.Qe6+ 
Kh8 35.Qe7 Qf4 36.Qxb4 Rc8 37.Qe7 Qf8 38.Qxg5 Qc5 39.Qf6+ Kg8 40.c4 Qd4+ 
41.Ka3 Qa1+ 42.Kb4 Rb8+ 43.Ka5 Qc3+ 44.Ka6 Qxb3 45.Qe6+ Kf8 46.Qf6+ 
1/2-1/2

[Event "Euskadi ch"]
[Site "Zornotza"]
[Date "2012.04.09"]
[Round "1"]
[White "Perez Fernandez, Modesto"]
[Black "Etchegaray, Patrice"]
[Result "0-1"]
[WhiteElo "2056"]
[BlackElo "2408"]

1.e4 c5 2.Nf3 Nc6 3.d4 cxd4 4.Nxd4 e5 5.Nb5 d6 6.N1c3 a6 7.Na3 b5 8.Nd5 
Nf6 9.Bg5 Be7 10.Bxf6 Bxf6 11.c4 Nd4 12.cxb5 Bb7 13.Bc4 O-O 14.bxa6 Bxa6 
15.O-O g6 16.Bxa6 Rxa6 17.Nc2 Bg7 18.Nxd4 exd4 19.Qd3 Ra7 20.a3 f5 21.Nb4 
Qa8 22.exf5 Rxf5 23.Rac1 Raf7 24.Qc4 Rc5 25.Qe6 Bh6 26.Rxc5 dxc5 27.Nd3 
Bg7 28.Nxc5 Qf8 29.b4 Kh8 30.Re1 Rf6 31.Qd7 Rd6 32.Qb5 Rd8 33.Qe2 Qf5 34.
Qd3 Qd5 35.a4 Rb8 36.Na6 Rf8 37.b5 Qa2 38.Rf1 Qxa4 39.Nc5 Qb4 40.Ne6 Re8 
41.Nxg7 Kxg7 42.h3 Re5 43.Rd1 Re1+ 44.Kh2 Qd6+ 45.g3 Rxd1 46.Qxd1 d3 47.
Qd2 Qd4 48.Kg1 Qc4 49.Qb2+ Kh6 50.Qd2+ g5 51.h4 Qxb5 52.hxg5+ Kh5 53.f4 
Qc5+ 54.Kf1 Qc2 55.Ke1 Qc4 56.Qh2+ Kg4 57.Qh4+ Kf3 58.Qh1+ Kxg3 59.Qg1+ 
Kxf4 60.Qh2+ Kxg5 61.Qxh7 Qc1+ 62.Kf2 Qf4+ 63.Kg2 Qg4+ 64.Kf2 Qd4+ 65.Kf3 
Qf4+ 66.Kg2 d2 67.Qe7+ Kf5 68.Qf7+ Ke4 69.Qe6+ Kd4 70.Qb6+ Kd3 71.Qb3+ Ke2
72.Qe6+ Qe3 73.Qg4+ Ke1 74.Qh4+ Kd1 75.Qa4+ Kc1 76.Qa1+ Kc2 77.Qa4+ Qb3 
78.Qe4+ Kc1 79.Qc6+ Qc2 80.Qh6 Qe4+ 81.Kf2 Qc2 82.Qd6 d1=Q+ 0-1

[Event "Euskadi ch"]
[Site "Zornotza"]
[Date "2012.04.09"]
[Round "1"]
[White "Astasio Lopez, David"]
[Black "Uriarte Prieto, Goyo"]
[Result "1-0"]
[WhiteElo "2327"]
[BlackElo "2039"]

1.d4 f5 2.c4 c6 3.Nc3 d5 4.Bf4 Nf6 5.Nf3 e6 6.e3 Bd6 7.Bd3 O-O 8.O-O Ne4 
9.Qc2 Qe7 10.c5 Bc7 11.b4 b6 12.Rab1 b5 13.a4 a5 14.Bxc7 Qxc7 15.axb5 cxb5
16.Nxb5 Qe7 17.Ne5 axb4 18.Rxb4 Nd7 19.Nc7 Ra3 20.Nb5 Ra8 21.Nf3 g5 22.
Rfb1 g4 23.Bxe4 fxe4 24.Ne5 Nxe5 25.dxe5 Ba6 26.Nd6 Qh4 27.Qb2 Bd3 28.Rc1 
d4 29.Rxd4 Rfb8 30.Qd2 Bb1 31.Rb4 Rxb4 32.Qxb4 Ra2 33.Rf1 Bd3 34.Qb3 Ra8 
35.Qxe6+ Kh8 36.g3 Qh3 37.Nf7+ Kg7 38.Qf6+ Kg8 39.Nh6+ Qxh6 40.Qxh6 1-0

[Event "Euskadi ch"]
[Site "Zornotza"]
[Date "2012.04.09"]
[Round "1"]
[White "Hernandez Perez, Jesus"]
[Black "Martin Alvarez, Iñigo"]
[Result "0-1"]
[WhiteElo "2022"]
[BlackElo "2265"]

1.d4 d6 2.Bf4 g6 3.Nf3 Bg7 4.e3 Nf6 5.Be2 O-O 6.O-O Nbd7 7.c4 Re8 8.Nc3 c6
9.Rc1 Nh5 10.Bg5 Qc7 11.Nd2 Nhf6 12.e4 e5 13.d5 a5 14.Be3 Rf8 15.f3 Nh5 
16.g3 f5 17.a3 f4 18.Bf2 Qd8 19.g4 Nhf6 20.b4 h5 21.g5 Nh7 22.h4 axb4 23.
axb4 Nxg5 24.hxg5 Qxg5+ 25.Kh1 Qh6 26.Rg1 g5 27.Kg2 Nf6 28.Ra1 Rxa1 29.
Qxa1 g4 30.Bh4 Nh7 31.Rh1 Kh8 32.Kf2 Bf6 33.Bxf6+ Nxf6 34.c5 g3+ 35.Kg1 h4
36.Bf1 h3 37.Bxh3 Bxh3 38.cxd6 g2 39.Rh2 Ng4 40.fxg4 f3 41.Nd1 f2+ 42.Nxf2
Rxf2 43.Qxe5+ Kg8 44.Rxh3 Qxh3 45.Kxf2 0-1

[Event "Euskadi ch"]
[Site "Zornotza"]
[Date "2012.04.09"]
[Round "1"]
[White "Mindeguia Guruceaga, Juan Jesus"]
[Black "Martinez Pelaez, David"]
[Result "1/2-1/2"]
[WhiteElo "2234"]
[BlackElo "1987"]

1.e4 e5 2.Nf3 Nc6 3.Nc3 Nf6 4.a3 a6 5.d4 exd4 6.Nxd4 d6 7.Nxc6 bxc6 8.Bd3 
Be7 9.O-O O-O 10.f4 Re8 11.Qf3 Bb7 12.b3 c5 13.Bb2 Qd7 14.Rae1 Qg4 15.Qf2 
Nd7 16.Re3 Bh4 17.Qd2 Nf8 18.Nd5 Bxd5 19.exd5 Rxe3 20.Qxe3 Nd7 21.Rf3 Bf6 
22.h3 1/2-1/2

[Event "Euskadi ch"]
[Site "Zornotza"]
[Date "2012.04.09"]
[Round "1"]
[White "Ruiz Abad, Juan Manuel"]
[Black "Prieto Aranguren, Alain"]
[Result "0-1"]
[WhiteElo "1980"]
[BlackElo "2219"]

1.e4 g6 2.d4 Bg7 3.Nc3 c6 4.Bf4 Qb6 5.Nge2 Qxb2 6.Rb1 Qa3 7.g3 d6 8.Bg2 
Nd7 9.O-O e5 10.Bc1 Qa5 11.d5 c5 12.Nb5 Bf8 13.a4 a6 14.Bd2 Qd8 15.Na3 b6 
16.f4 Ngf6 17.Nc4 Qc7 18.fxe5 dxe5 19.Nxb6 Nxb6 20.Rxf6 Nc4 21.Bc1 Bg7 22.
Rc6 Qa5 23.Qd3 Qe1+ 24.Bf1 Bh3 25.Qf3 Nd2 26.Bxd2 Qxb1 27.Bc1 Bxf1 28.Qxf1
Qxc2 29.Be3 O-O 30.Rxc5 Qxe4 31.Qf2 Rac8 32.Nc3 Qd3 0-1

[Event "Euskadi ch"]
[Site "Zornotza"]
[Date "2012.04.09"]
[Round "1"]
[White "Perez De Miguel, Alvaro"]
[Black "Cucarella Montell, Angels"]
[Result "0-1"]
[WhiteElo "2190"]
[BlackElo "1950"]

1.d4 d5 2.c4 e6 3.Nc3 c5 4.e3 Nf6 5.Nf3 Nc6 6.a3 Be7 7.dxc5 Bxc5 8.b4 Be7 
9.Bb2 O-O 10.Qb3 dxc4 11.Bxc4 b6 12.O-O Bb7 13.Rac1 Qb8 14.Rfd1 Rd8 15.Ng5
Ng4 16.Nf3 Nce5 17.Rxd8+ Bxd8 18.Nxe5 Qxe5 19.g3 Qh5 20.h4 Bxh4 21.Bxe6 
fxe6 22.Qxe6+ Kh8 23.Ne4 Bf6 24.Rc7 Qh2+ 25.Kf1 Qh1+ 26.Ke2 Qxe4 0-1

[Event "Euskadi ch"]
[Site "Zornotza"]
[Date "2012.04.09"]
[Round "1"]
[White "Gomez Calvo, Jose Ricardo"]
[Black "Villalta Bustillo, Igor"]
[Result "0-1"]
[WhiteElo "1943"]
[BlackElo "2185"]

1.Nf3 d5 2.e3 Nf6 3.c4 e6 4.d4 Nbd7 5.Nc3 Be7 6.Qc2 O-O 7.b3 b6 8.Bd3 Bb7 
9.cxd5 exd5 10.Bb2 c5 11.Rc1 Rc8 12.O-O Re8 13.Qe2 Bd6 14.Ba6 Bxa6 15.Qxa6
Bb8 16.Qd3 cxd4 17.exd4 Nf8 18.Rfe1 Qd6 19.Qf5 g6 20.Qd3 Ne6 21.g3 Ng7 22.
Ne5 Nf5 23.Nb5 Qf8 24.Rxc8 Rxc8 25.Rc1 Rxc1+ 26.Bxc1 Qc8 27.Bb2 Ne4 28.f3 
Ned6 29.Nc3 Ne7 30.Kg2 Kg7 31.Ng4 Qe6 32.Qe2 Ndf5 33.Qxe6 fxe6 34.Ne2 Nc6 
35.Bc3 Bd6 36.Kf2 Nb4 37.Bxb4 Bxb4 38.Ne3 Kf6 39.Ng4+ Ke7 40.Ne5 Kd6 41.g4
Nxd4 42.Nxd4 Bc5 43.Ke3 Kxe5 44.f4+ Kf6 45.g5+ Ke7 46.Kd3 Bxd4 47.Kxd4 Kd6
48.b4 b5 49.a3 a5 50.h3 a4 51.h4 e5+ 52.fxe5+ Ke6 53.Kc5 Kxe5 54.Kxb5 d4 
55.Kxa4 Ke4 0-1

[Event "Euskadi ch"]
[Site "Zornotza"]
[Date "2012.04.09"]
[Round "1"]
[White "Diez Fraile, David"]
[Black "Albo Ruiz, Jose Martin"]
[Result "1-0"]
[WhiteElo "2185"]
[BlackElo "1890"]

1.g3 e5 2.c4 Nf6 3.Bg2 Be7 4.Nf3 d6 5.O-O O-O 6.Nc3 c6 7.d4 Qc7 8.e4 Nbd7 
9.h3 Re8 10.Re1 Nf8 11.Be3 b6 12.b4 a6 13.Rc1 c5 14.bxc5 bxc5 15.dxe5 dxe5
16.Nd5 Qd6 17.Nxe5 Qxe5 18.f4 Qb2 19.Nxe7+ Rxe7 20.e5 Rd7 21.Qc2 Rb8 22.
Qxb2 Rxb2 23.exf6 Ne6 24.f5 Nc7 25.Bf4 gxf6 26.Bc6 Rd4 27.Bxc7 Bxf5 28.Bf4
Kg7 29.Bd5 Rxa2 30.Ra1 Rxa1 31.Rxa1 Bxh3 32.Rxa6 Bf5 33.Ra7 Bg6 34.Be3 Rg4
35.Bf4 Bh5 36.Be6 f5 37.Bxf5 1-0

[Event "Euskadi ch"]
[Site "Zornotza"]
[Date "2012.04.10"]
[Round "2"]
[White "Gomez Esteban, Juan Mario"]
[Black "Martin Alvarez, Iñigo"]
[Result "1-0"]
[WhiteElo "2471"]
[BlackElo "2265"]

1.d4 d5 2.c4 c6 3.Nc3 Nf6 4.e3 a6 5.Nf3 b5 6.cxd5 cxd5 7.Ne5 e6 8.Bd3 Bd6 
9.O-O Bb7 10.Qf3 Nbd7 11.Qg3 O-O 12.Nxf7 Bxg3 13.Nxd8 Bxf2+ 14.Rxf2 Raxd8 
15.Bd2 Ne4 16.Nxe4 dxe4 17.Be2 Rxf2 18.Kxf2 Bd5 19.Rc1 Bxa2 20.Ra1 Bc4 21.
Rxa6 Ne5 22.Bxc4 Nxc4 23.Bc3 Rd6 24.Ra8+ Kf7 25.Ra7+ Kg6 26.g4 Rd5 27.b3 
Nd6 28.Kg3 h5 29.h3 hxg4 30.hxg4 Nf7 31.Kf4 Ng5 32.Bb4 Nh3+ 33.Kxe4 Rg5 
34.Kf3 Ng1+ 35.Kg3 Ne2+ 36.Kh4 Nc1 37.Bf8 Kh6 38.b4 Nd3 39.Rf7 e5 40.d5 e4
41.Rf5 Ne1 42.Rxg5 Nf3+ 43.Kg3 Nxg5 44.Kf4 Kg6 45.Be7 Nh3+ 46.Kxe4 Kf7 47.
Bh4 Ng1 48.Bg3 Ne2 49.Be5 Nc1 50.Kd4 Nb3+ 51.Kc3 Nc1 52.Kd2 Na2 53.Bd6 g6 
54.Kc2 Ke8 55.Kb2 1-0

[Event "Euskadi ch"]
[Site "Zornotza"]
[Date "2012.04.10"]
[Round "2"]
[White "Prieto Aranguren, Alain"]
[Black "Franco Alonso, Alejandro"]
[Result "0-1"]
[WhiteElo "2219"]
[BlackElo "2449"]

1.d4 Nf6 2.c4 e6 3.Nc3 Bb4 4.e3 O-O 5.Bd3 d5 6.Ne2 dxc4 7.Bxc4 e5 8.O-O 
Nc6 9.a3 Bd6 10.b4 exd4 11.Nxd4 Nxd4 12.Qxd4 Ng4 13.f4 Qh4 14.h3 Nh6 15.
Qd2 a5 16.Ne4 Rd8 17.Ng5 Be7 18.Qa2 axb4 19.Nxf7 Nxf7 20.Bxf7+ Kh8 21.a4 
Bf5 22.Bb2 Bxh3 23.Be5 Bf5 24.Bxc7 Bc5 25.Rfe1 Rd3 26.Qc2 Qe7 0-1

[Event "Euskadi ch"]
[Site "Zornotza"]
[Date "2012.04.10"]
[Round "2"]
[White "Gonzalez De La Torre, Santiago"]
[Black "Villalta Bustillo, Igor"]
[Result "1-0"]
[WhiteElo "2440"]
[BlackElo "2185"]

1.d4 d5 2.c4 e6 3.Nf3 Nf6 4.g3 dxc4 5.Bg2 c6 6.Ne5 Bb4+ 7.Bd2 Qe7 8.Qa4 
Bxd2+ 9.Nxd2 O-O 10.Qxc4 Nbd7 11.O-O c5 12.Nxd7 Nxd7 13.dxc5 Qxc5 14.Qxc5 
Nxc5 15.Rac1 Na4 16.Nc4 Rb8 17.b3 Nc5 18.Nd6 b6 19.b4 Nd7 20.Rc7 Nf6 21.
Rfc1 Ba6 22.b5 Rbd8 23.R7c6 Ne8 24.Nxe8 Bxb5 25.Nd6 Bxc6 26.Rxc6 Rd7 27.e4
e5 28.Bh3 Re7 29.Bf1 g6 30.Bc4 Kg7 31.g4 f6 32.Kg2 Rh8 33.h4 h5 34.g5 fxg5
35.hxg5 Rf8 36.Bd5 h4 37.Kh3 Rxf2 38.Kxh4 Rf1 39.Rc8 Rh1+ 40.Kg4 Rg1+ 41.
Kf3 Rxg5 42.Ne8+ Kh7 43.Nf6+ Kg7 44.Ng4 Kh7 45.a4 Kg7 46.Ra8 Kh7 47.Rd8 
Kg7 48.Rg8+ Kh7 49.Ra8 Kg7 50.Rd8 Kh7 51.Rg8 a6 52.Rb8 b5 53.a5 Kg7 54.
Rg8+ Kh7 55.Ra8 Kg7 56.Rb8 Kh7 57.Rg8 b4 58.Bb3 Rxg4 59.Kxg4 Rc7 60.Rb8 
Rc5 61.Kg5 Kg7 62.Rg8+ Kh7 63.Ra8 Rc3 64.Ra7+ Kh8 65.Bd5 Rh3 66.Rxa6 1-0

[Event "Euskadi ch"]
[Site "Zornotza"]
[Date "2012.04.10"]
[Round "2"]
[White "Etchegaray, Patrice"]
[Black "Diez Fraile, David"]
[Result "1-0"]
[WhiteElo "2408"]
[BlackElo "2185"]

1.e4 d5 2.exd5 Qxd5 3.Nc3 Qd6 4.d4 Nf6 5.Nf3 c6 6.Ne5 Nbd7 7.Bf4 Nd5 8.
Nxd5 Qxd5 9.Be2 Nxe5 10.Bxe5 Qxg2 11.Bf3 Qg6 12.Qe2 h5 13.O-O-O Bg4 14.Kb1
f6 15.Bc7 Qf5 16.Bxg4 hxg4 17.Rhg1 Rh3 18.Rxg4 Qf3 19.Re1 Qxe2 20.Rxe2 Kd7
21.Bg3 Re8 22.c4 Rh5 23.Kc2 e6 24.Kc3 Ke7 25.b4 Kf7 26.a4 f5 27.Rh4 Rxh4 
28.Bxh4 Bd6 29.Bg5 e5 30.dxe5 Bxe5+ 31.Kb3 Bxh2 32.Rd2 Kg6 33.f4 Re3+ 34.
Kc2 Bg3 35.Rd6+ Kh5 36.Rd7 Re4 37.Rxg7 Bxf4 38.Bxf4 Rxc4+ 39.Kb3 Rxf4 40.
Rxb7 Re4 41.Rxa7 f4 42.a5 f3 43.Rf7 Kg4 44.a6 Kg3 45.a7 Re8 46.Kc4 f2 47.
Kc5 Ra8 48.Kb6 Re8 49.Kb7 c5 50.bxc5 Re7+ 51.Rxe7 f1=Q 52.a8=Q Qb5+ 53.Kc8
Qxc5+ 54.Rc7 Qf8+ 55.Kb7 Qb4+ 56.Ka7 Qd4+ 57.Kb8 Qd8+ 58.Kb7 Qd5+ 59.Rc6 
Qb5+ 60.Kc7 Qe5+ 61.Rd6 Qe7+ 62.Kc6 Qe4+ 63.Rd5 Qc4+ 64.Kd6 Qb4+ 65.Rc5 
Qf4+ 66.Re5 Qh6+ 67.Re6 Qf4+ 68.Ke7 Qg5+ 69.Kf7 Qf5+ 70.Rf6 Qh7+ 71.Ke6 
Qh3+ 72.Ke5 Qh5+ 73.Rf5 Qe2+ 74.Qe4 Qb5+ 75.Kf6 Qb6+ 76.Qe6 Qd8+ 77.Kg6 
Qd3 78.Qe1+ 1-0

[Event "Euskadi ch"]
[Site "Zornotza"]
[Date "2012.04.10"]
[Round "2"]
[White "Cucarella Montell, Angels"]
[Black "Astasio Lopez, David"]
[Result "0-1"]
[WhiteElo "1950"]
[BlackElo "2327"]

1.e4 c5 2.Nf3 e6 3.d4 cxd4 4.Nxd4 Nf6 5.Nc3 Nc6 6.Ndb5 Bb4 7.a3 Bxc3+ 8.
Nxc3 d5 9.exd5 exd5 10.Bd3 O-O 11.O-O d4 12.Ne2 Bg4 13.f3 Bh5 14.Nf4 Bg6 
15.Nxg6 hxg6 16.Bg5 Qd5 17.Qd2 Rfe8 18.Rae1 Ne5 19.Bxf6 gxf6 20.Re4 Nxd3 
21.Qxd3 Rxe4 22.fxe4 Qe5 23.Rd1 Rc8 24.Rd2 Kg7 25.h3 b6 26.Qa6 Qxe4 27.Re2
Qf5 28.Qa4 Qc5 29.Kh1 b5 30.Qb3 Rc7 31.Qd3 b4 32.axb4 Qxb4 33.b3 Rc3 34.
Qe4 a5 35.Qe8 d3 36.Re7 Qxe7 0-1

[Event "Euskadi ch"]
[Site "Zornotza"]
[Date "2012.04.10"]
[Round "2"]
[White "Martinez Pelaez, David"]
[Black "Huerga Leache, Mikel"]
[Result "0-1"]
[WhiteElo "1987"]
[BlackElo "2436"]

1.e4 c5 2.d4 cxd4 3.c3 Nf6 4.e5 Nd5 5.cxd4 d6 6.Nf3 e6 7.Nc3 Nxc3 8.bxc3 
Qc7 9.Bd2 Nd7 10.exd6 Bxd6 11.Bd3 b6 12.O-O Bb7 13.h3 O-O 14.Re1 Bf4 15.
Bxf4 Qxf4 16.Qd2 Qxd2 17.Nxd2 Rac8 18.Rac1 Rfd8 19.Be4 Bxe4 20.Nxe4 Rc4 
21.Rc2 Nf6 22.Nd2 Rc6 23.Rec1 Nd5 24.Nb1 Rdc8 25.g3 h5 26.Kf1 h4 27.Ke2 
hxg3 28.fxg3 g5 29.a3 Ne7 30.Kd3 Nf5 31.g4 Ne7 32.c4 Kg7 33.Rc3 Ng6 34.Rh1
Nf4+ 35.Ke4 Rxc4 36.Rxc4 Rxc4 37.h4 f6 38.hxg5 fxg5 39.Nd2 Rc3 40.Nf3 Nd5 
41.Re1 Nf6+ 42.Ke5 Rxf3 0-1

[Event "Euskadi ch"]
[Site "Zornotza"]
[Date "2012.04.10"]
[Round "2"]
[White "Uriarte Prieto, Goyo"]
[Black "Perez De Miguel, Alvaro"]
[Result "1-0"]
[WhiteElo "2039"]
[BlackElo "2190"]

1.e4 c6 2.d4 d5 3.exd5 cxd5 4.Nf3 Nc6 5.c4 Nf6 6.Nc3 Bg4 7.Be2 e6 8.O-O 
Be7 9.Qb3 Qb6 10.Qxb6 axb6 11.cxd5 Nxd5 12.h3 Bh5 13.Nxd5 exd5 14.Be3 O-O 
15.g4 Bg6 16.a3 f5 17.Rad1 f4 18.Bd2 Bc2 19.Rc1 Be4 20.Bc3 h5 21.g5 h4 22.
Kh2 Nd8 23.Rg1 Ne6 24.Rg4 Rad8 25.Rcg1 g6 26.Nxh4 f3 27.Rxe4 dxe4 28.Bc4 
Bd6+ 29.Kh1 Rfe8 30.Nxg6 Kf7 31.Nh4 Kf8 32.Rg4 Nf4 33.Rxf4+ Bxf4 34.Ng6+ 
Kg7 35.Nxf4 Rd6 36.h4 e3 37.fxe3 Rxe3 38.h5 Re4 39.h6+ Kh8 40.d5+ Kg8 41.
h7+ Kxh7 42.Bd3 1-0

[Event "Euskadi ch"]
[Site "Zornotza"]
[Date "2012.04.10"]
[Round "2"]
[White "Hernandez Perez, Jesus"]
[Black "Arias Garcia, Luis Javier"]
[Result "0-1"]
[WhiteElo "2022"]
[BlackElo "2168"]

1.d4 g6 2.Nf3 Bg7 3.Bf4 d6 4.e3 Nf6 5.Be2 O-O 6.O-O c6 7.c4 Nbd7 8.Nc3 Nh5
9.Bg5 h6 10.Bh4 g5 11.Nd2 Nhf6 12.Bg3 e5 13.dxe5 dxe5 14.Qc2 Qe7 15.e4 Re8
16.Rfd1 Nf8 17.Nf1 h5 18.f3 Ne6 19.Ne3 Nd4 20.Qd2 h4 21.Bf2 Nh5 22.Nc2 
Nxc2 23.Qxc2 Be6 24.b3 Nf4 25.Na4 b6 26.Nb2 Bf8 27.Nd3 Ng6 28.g4 hxg3 29.
hxg3 f6 30.c5 b5 31.Nb4 Qb7 32.Nd3 a5 33.Nb2 Re7 34.Rd2 Rh7 35.Bf1 Qg7 36.
Be3 Be7 37.Rh2 Rxh2 38.Qxh2 Kf7 39.Kf2 Rh8 40.Qg1 Qf8 41.Nd3 Qc8 42.Bg2 f5
43.Ke2 Kg7 44.Rf1 a4 45.bxa4 bxa4 46.a3 Qa6 47.Rc1 fxe4 48.fxe4 Bc4 49.Rc3
Rd8 50.Qb1 Rd7 51.Kd2 Bb3 52.Bf1 Nf8 53.Ke1 Qa5 54.Nb4 Rd1+ 55.Qxd1 Bxd1 
56.Kxd1 Ne6 57.Kc2 Qc7 58.Rc4 Nd4+ 59.Kd3 Bf6 60.Nc2 Nb5 61.Kd2 Qd7+ 62.
Bd3 Qh3 63.Bf2 Qg2 64.Ke1 Qh1+ 65.Kd2 g4 66.Ne1 Bg5+ 67.Ke2 Qh2 68.Kf1 Qh6
69.Rxa4 Qh1+ 70.Ke2 Nc3# 0-1

[Event "Euskadi ch"]
[Site "Zornotza"]
[Date "2012.04.10"]
[Round "2"]
[White "Ladron De Guevara Galar, Fco Ja"]
[Black "Ruiz Abad, Juan Manuel"]
[Result "0-1"]
[WhiteElo "2139"]
[BlackElo "1980"]

1.d4 Nf6 2.c4 c5 3.d5 b5 4.Nd2 bxc4 5.e4 c3 6.bxc3 d6 7.Bd3 g6 8.Ne2 Bg7 
9.Qa4+ Nfd7 10.f4 O-O 11.Rb1 Nb6 12.Qa5 e6 13.c4 exd5 14.cxd5 f5 15.O-O 
fxe4 16.Nxe4 Kh8 17.Ng5 Qc7 18.Qe1 c4 19.Bxg6 h6 20.Ne6 Bxe6 21.dxe6 Nc6 
22.Bb2 Bxb2 23.Rxb2 Qg7 24.Qc3 Rf6 25.f5 Ne5 26.Qa5 Nxg6 27.Rxb6 Nh4 28.
Qd5 Rg8 29.Rb2 Nxg2 30.Ng3 Ne3 31.Qb7 Nxf1 32.Qxg7+ Rxg7 33.Kxf1 Rxg3 34.
hxg3 Rxf5+ 35.Kg2 Re5 36.Rd2 Rxe6 37.Rd4 Re2+ 38.Kf3 Rxa2 39.Rxc4 Ra3+ 40.
Kf4 a5 41.Rd4 Kg7 42.Rxd6 a4 43.Ra6 Ra1 44.Ra7+ Kf8 45.Ra6 a3 46.Ra7 Ke8 
47.Kg4 a2 48.Ra3 Ke7 49.Ra6 h5+ 50.Kg5 h4 0-1

[Event "Euskadi ch"]
[Site "Zornotza"]
[Date "2012.04.10"]
[Round "2"]
[White "Gomez Calvo, Jose Ricardo"]
[Black "Alcaide Luque, Aitor"]
[Result "0-1"]
[WhiteElo "1943"]
[BlackElo "2135"]

1.e4 e6 2.d4 d5 3.exd5 exd5 4.Be3 Nf6 5.Bd3 Bd6 6.Nc3 c6 7.Qd2 Nbd7 8.Nge2
O-O 9.O-O-O b5 10.Bf4 Nb6 11.Bxd6 Qxd6 12.Qf4 Qb4 13.a3 Qa5 14.Qd6 Bd7 15.
b3 Nc8 16.Qc5 a6 17.a4 Ra7 18.b4 Qc7 19.a5 Bg4 20.Nb1 Bxe2 21.Bxe2 Ne4 0-1

[Event "Euskadi ch"]
[Site "Zornotza"]
[Date "2012.04.10"]
[Round "2"]
[White "Albo Ruiz, Jose Martin"]
[Black "Perez Fernandez, Modesto"]
[Result "1-0"]
[WhiteElo "1890"]
[BlackElo "2056"]

1.c4 Nf6 2.Nc3 e6 3.Nf3 d5 4.d4 c6 5.cxd5 exd5 6.Bf4 Be7 7.e3 O-O 8.Qc2 
Bg4 9.Ne5 Nbd7 10.Nxg4 Nxg4 11.Bd3 Ngf6 12.g4 g6 13.h4 Nxg4 14.Bg3 Ndf6 
15.h5 Nxh5 16.Rxh5 gxh5 17.Bxh7+ Kg7 18.O-O-O Rh8 19.Bf5 Kf8 20.Rh1 Rg8 
21.Qe2 Nf6 22.Qf3 b5 23.Be5 Ke8 24.Kb1 Rg5 25.e4 b4 26.Na4 dxe4 27.Qf4 Nd5
28.Qxe4 Qa5 29.Nc5 Rxf5 30.Qxf5 Bxc5 31.dxc5 Qxc5 32.Re1 Kd8 33.Rc1 Qe7 
34.Rxc6 Ke8 35.Rd6 Nb6 36.Rh6 Nd7 37.Rh8+ Nf8 38.Rxh5 Ng6 39.f4 Rd8 40.Rh1
Qb7 41.Re1 Qe7 42.Bc3 bxc3 43.Rxe7+ Nxe7 44.Qb5+ Kf8 45.bxc3 Nd5 46.Qa5 
Rd7 47.f5 Ke7 48.c4 Rb7+ 49.Kc1 Nb6 50.Qc5+ Kd7 51.f6 Rc7 52.Qb5+ Ke6 53.
Qe8+ Kxf6 54.Qd8+ Re7 55.c5 Nd7 56.c6 Nb6 57.c7 Ke6 58.c8=Q+ Nxc8 59.Qxc8+
Kd6 60.Kd2 Ke5 61.Qc5+ Ke6 62.Ke3 f6 63.Qc4+ Ke5 64.Qc5+ Ke6 65.a4 Kf7+ 
66.Kf4 Ke6 67.a5 Kf7 68.a6 Ke8 69.Qc8+ Kf7 70.Qb7 Kf8 71.Kf5 Kf7 72.Qd5+ 
Kg7 73.Qg2+ Kf7 74.Qg6+ Kf8 75.Qh6+ Kg8 76.Qg6+ Kf8 77.Qg3 Kf7 78.Qc3 Re5+
79.Kf4 Re7 80.Qc6 Kg7 81.Qc8 Kf7 82.Qh8 Kg6 83.Qg8+ Rg7 84.Qe8+ Rf7 85.Ke4
f5+ 86.Kf4 Kf6 87.Qd8+ Kg7 88.Ke5 f4 89.Ke6 f3 90.Qg5+ Kf8 91.Qh6+ Kg8 92.
Qh5 Rf8 93.Ke7 f2 94.Qg6+ Kh8 95.Qh6+ Kg8 96.Qxf8+ 1-0

[Event "Euskadi ch"]
[Site "Zornotza"]
[Date "2012.04.11"]
[Round "3"]
[White "Astasio Lopez, David"]
[Black "Gomez Esteban, Juan Mario"]
[Result "0-1"]
[WhiteElo "2327"]
[BlackElo "2471"]

1.d4 d5 2.Nf3 Nf6 3.c4 c6 4.e3 e6 5.Nc3 Nbd7 6.Bd3 dxc4 7.Bxc4 b5 8.Bd3 
Bd6 9.Qc2 Bb7 10.O-O O-O 11.Rd1 Qb8 12.h3 Rc8 13.Ng5 h6 14.Nge4 Be7 15.b3 
c5 16.Nxf6+ Bxf6 17.Bxb5 cxd4 18.exd4 Nb6 19.Qd3 a6 20.Ba4 Qc7 21.Bb2 Rd8 
22.Qe3 Nd5 23.Nxd5 Rxd5 24.Rac1 Qb6 25.Rc5 Qxc5 26.dxc5 Rxd1+ 27.Kh2 Bxb2 
28.Qe2 Rb1 29.c6 Bxc6 30.Bxc6 Rd8 31.f4 Bc1 32.Kg3 Rd4 33.Be4 Bxf4+ 34.
Kxf4 f5 35.Qxa6 Rxe4+ 36.Kf3 Rb2 37.g4 Kh7 38.gxf5 exf5 39.Qb5 Kg6 40.a4 
Rh2 41.Qb6+ Kh5 42.Kg3 Rhe2 43.Kf3 g5 44.Qc5 f4 0-1

[Event "Euskadi ch"]
[Site "Zornotza"]
[Date "2012.04.11"]
[Round "3"]
[White "Franco Alonso, Alejandro"]
[Black "Gonzalez De La Torre, Santiago"]
[Result "1/2-1/2"]
[WhiteElo "2449"]
[BlackElo "2440"]

1.c4 Nf6 2.g3 e6 3.Bg2 d5 4.Nf3 dxc4 5.Na3 Qd5 6.O-O Nc6 7.Ne1 Qc5 8.Qa4 
Bd7 9.Qxc4 Qxc4 10.Nxc4 Nd4 11.e3 Ne2+ 12.Kh1 Bb5 13.d3 O-O-O 14.Ne5 Nxc1 
15.Rxc1 Be8 16.d4 Bd6 17.N1d3 Nd5 18.a3 a5 19.Nc4 Bb5 20.Rfd1 a4 21.Nxd6+ 
Rxd6 22.Ne5 Rf8 23.Rc5 c6 24.Rdc1 Kb8 25.Kg1 f6 26.Nf3 b6 27.R5c2 Kb7 28.
Bf1 Bxf1 29.Kxf1 Ne7 30.h4 h5 31.Kg2 Rd5 32.Rg1 Nf5 33.Rgc1 Rb5 34.Ne1 e5 
35.dxe5 Rxe5 36.Kf3 c5 37.Nd3 Rd5 38.Nf4 Rd7 39.Nxh5 Kc6 40.Nf4 g5 41.Ne2 
gxh4 42.g4 Nd6 43.Rh1 Rh8 44.Nd4+ Kd5 45.Ne2 Kc6 46.Nd4+ Kd5 47.Ne2 Kc6 
1/2-1/2

[Event "Euskadi ch"]
[Site "Zornotza"]
[Date "2012.04.11"]
[Round "3"]
[White "Huerga Leache, Mikel"]
[Black "Etchegaray, Patrice"]
[Result "1-0"]
[WhiteElo "2436"]
[BlackElo "2408"]

1.e4 e5 2.Bc4 Nf6 3.d3 c6 4.Nf3 d5 5.Bb3 Bb4+ 6.Bd2 Bxd2+ 7.Qxd2 dxe4 8.
dxe4 Qe7 9.Nc3 O-O 10.O-O-O Be6 11.Qd6 Qxd6 12.Rxd6 Bxb3 13.axb3 Re8 14.
Rhd1 Na6 15.Nd2 Nc5 16.f3 Rac8 17.Nc4 Rc7 18.Ne2 b6 19.b4 Nb7 20.R6d3 g6 
21.Ra3 b5 22.Nd2 Ra8 23.Nb3 Kf8 24.Ra6 Ke7 25.Nc3 Nd7 26.Rf1 Nb6 27.f4 f6 
28.fxe5 fxe5 29.Rf3 Nc4 30.Rh3 h5 31.Rg3 Kf7 32.Rd3 Ke7 33.Nc5 Nxc5 34.
bxc5 b4 35.Na2 Rf8 36.Nxb4 Rf1+ 37.Rd1 Rxd1+ 38.Kxd1 Kd7 39.Nd3 Ne3+ 40.
Ke2 Nxc2 41.Nxe5+ Kc8 42.Ra4 Rb7 43.Kd2 Rxb2 44.Kc3 Rb5 45.Kxc2 Rxc5+ 46.
Nc4 Rg5 47.Ne3 a5 48.h4 Rb5 49.Nc4 Rc5 50.Kc3 g5 51.Rxa5 Rxa5 52.Nxa5 1-0

[Event "Euskadi ch"]
[Site "Zornotza"]
[Date "2012.04.11"]
[Round "3"]
[White "Martin Alvarez, Iñigo"]
[Black "Mindeguia Guruceaga, Juan Jesus"]
[Result "1-0"]
[WhiteElo "2265"]
[BlackElo "2234"]

1.e4 e5 2.Nf3 Nc6 3.d3 Nf6 4.Be2 d5 5.Nbd2 Be7 6.c3 O-O 7.O-O a5 8.b3 b6 
9.a3 Re8 10.Rb1 Bb7 11.b4 axb4 12.axb4 Bf8 13.Re1 Na7 14.Qc2 Qd7 15.Bf1 
dxe4 16.dxe4 Nb5 17.Nc4 Bd6 18.Nfd2 Bf8 19.f3 Nd6 20.Nxd6 Bxd6 21.Nc4 Bf8 
22.Bg5 Ba6 23.Bxf6 Bxc4 24.Bxc4 gxf6 25.Red1 Qe7 26.Rd3 Red8 27.Rbd1 Rxd3 
28.Qxd3 Qd6 29.Bd5 Rd8 30.Bxf7+ Kg7 31.Bc4 Qxd3 32.Bxd3 Ra8 33.Bc4 Bd6 34.
Kf2 Ra3 35.Rc1 Kf8 36.Ke2 Ke7 37.Kd2 c6 38.Kc2 b5 39.Bb3 Ra7 40.g4 h6 41.
Rg1 c5 42.bxc5 Bxc5 43.Rd1 Rd7 44.Bd5 b4 45.cxb4 Bxb4 46.Rb1 Rc7+ 47.Kd3 
Bd6 48.Ra1 Kd8 49.Ra6 Be7 50.Be6 Ke8 51.Ra8+ Bd8 52.Bd5 Ke7 53.Ra6 Kf8 54.
h3 Ke7 55.Ra8 Ke8 56.Ke3 1-0